01040nam a2200193Ia 4500001001000000003001000010008004100020040002500061041001200086100003900098245011900137250001100256260007400267300001100341500017300352501011400525520017300639650003400812L235-9013IT-CnALBA170116s9999||||xx |||||||||||||| ||und|| aIT-CnALBAcIT-CnALBA aLATINO  aNIVERNEN. SEU TARBIEN. ET LOURDEN. 0aCANONIZATIONIS B. MARIAE BERNARDAE SOUBIROUS, E CONGREGAT. SORORUM CARITATIS DE NEVERS. - SUPPLEX LIBELLUS PRO...  a1a ed. a ROMAbMIRRI E GUERRA c1926 [1° Ed.:1926 - Ed.Ling.Originale: 1926] a46 p.  aLIBRETTO SUPPLETIVO PER LA RIASSUNZIONE DELLA CAUSA. SOMMARIO DELLA VITA. SUL DUBBIO. CAUSA DI CANONIZZAZIONE DELLA BEATA BERNARDETTA SOUBIROUS, DELLE SUORE DI NEVERS.  aSocietà San Paolo EM - Piazza San Paolo, 14 - 12051 ALBA (CN) (non commercial uses only) ® Copyright 2017 aLIBRETTO SUPPLETIVO PER LA RIASSUNZIONE DELLA CAUSA. SOMMARIO DELLA VITA. SUL DUBBIO. CAUSA DI CANONIZZAZIONE DELLA BEATA BERNARDETTA SOUBIROUS, DELLE SUORE DI NEVERS.  aMARIA SS. ANGELI SANTI DEMONI